| 000 | 01075nam a2200253Ia 4500 | ||
|---|---|---|---|
| 001 | 19500 | ||
| 003 | GE_BSU | ||
| 008 | 181216s||||||||xx |||||||||||||| ||und|| | ||
| 040 | _cGE_BSU | ||
| 080 | _a811.353.1'282 | ||
| 100 | _aჭინჭარაული, ალ. | ||
| 245 | _aხევსურულის თავისებურებანი : ტექსტებითა და ინდექსებით | ||
| 245 | _cრედ:არნ.ჩიქობავა | ||
| 260 | _aთბილისი | ||
| 260 | _bსაქ. სსრ მეცნ. აკად. გამ-ბა | ||
| 260 | _c1960 | ||
| 300 | _a486გვ;23სმ. | ||
| 300 | _bდამატ. თავფ. რუს. ენ.. - რეზ. რუს. ენ. - ბიბლიოგრ. შენიშვნებში | ||
| 541 | _h4ლ. | ||
| 653 | _aდიალექტები | ||
| 653 | _aქართული ენა | ||
| 653 | _aქართული ენის დიალექტები; ხევსურული კილო; | ||
| 942 | _cBK | ||
| 999 |
_c52477 _d52477 |
||